| 000 | 00822nmc a2200301 a 4500 | ||
|---|---|---|---|
| 003 | AR-BaBNM | ||
| 005 | 20251128210543.0 | ||
| 008 | 160020s1993 ||||||||||||||000 | spa|| | ||
| 020 | _a0-8270-3176-9 | ||
| 040 | _cAR-BaBNM | ||
| 100 | 1 | _aArellano, Jorge Eduardo | |
| 245 | 1 | 0 |
_aAzul... de Rubén Darío _bnuevas perspectivas |
| 260 |
_aWashington, D.C. _bOEA/OAS _c1993 |
||
| 300 |
_a130 p. _bil. |
||
| 490 | 0 |
_aInteramer _vno. 23 |
|
| 500 | _aContiene referencias bibliográficas | ||
| 600 | 1 | 4 |
_aDarío, Rubén _d1867-1916 |
| 650 | 4 | _aCRITICA LITERARIA | |
| 650 | 4 | _aLITERATURA LATINOAMERICANA | |
| 650 | 4 | _aPOESIA | |
| 650 | 4 | _aESCRITORES | |
| 653 | _aMODERNISMO | ||
| 653 | _aLITERATURA NICARAGUENSE | ||
| 653 | _aVANGUARDIAS LITERARIAS | ||
| 655 | _aLITERATURA | ||
| 942 | _cBK | ||
| 998 | _cMARTIN | ||
| 999 |
_c15916 _d15916 |
||